|
|
|
|
| LEADER |
00000nam0a2200000 4500 |
| 001 |
134171 |
| 005 |
20231031135603.0 |
| 035 |
|
|
|a (RuTPU)RU\TPU\book\145422
|
| 090 |
|
|
|a 134171
|
| 100 |
|
|
|a 20080326d1977 m y0rusy50 ca
|
| 101 |
0 |
|
|a rus
|
| 102 |
|
|
|a RU
|
| 105 |
|
|
|a a z 001zy
|
| 200 |
1 |
|
|a Селен и теллур. Новая технология получения и рафинирования.
|f Т. Н. Грейвер, И. Г. Зайцева, В. М. Косовер
|
| 210 |
|
|
|a Москва
|c Металлургия
|d 1977
|
| 215 |
|
|
|a 296 с.
|c ил.
|
| 320 |
|
|
|a Библиогр.: с. 279-296.
|
| 610 |
1 |
|
|a селен
|
| 610 |
1 |
|
|a теллур
|
| 610 |
1 |
|
|a технология
|
| 610 |
1 |
|
|a получение
|
| 610 |
1 |
|
|a рафинирование
|
| 610 |
1 |
|
|a переработка
|
| 610 |
1 |
|
|a сульфидные руды
|
| 610 |
1 |
|
|a концентраты
|
| 610 |
1 |
|
|a производство
|
| 675 |
|
|
|a 669.776
|v 3
|
| 675 |
|
|
|a 669.777
|v 3
|
| 700 |
|
1 |
|a Грейвер
|b Т. Н.
|g Татьяна Наумовна
|
| 701 |
|
1 |
|a Зайцева
|b И. Г.
|g Ирина Георгиевна
|
| 701 |
|
1 |
|a Косовер
|b В. М.
|g Вилен Михайлович
|
| 801 |
|
1 |
|a RU
|b 63413507
|c 20080326
|g PSBO
|
| 801 |
|
2 |
|a RU
|b 63413507
|c 20120507
|g PSBO
|
| 942 |
|
|
|c BK
|